00940nam a2200217 a 4500001001000000003000500010005001700015008004100032010001100073011001100084040000900095100003300104245023600137260004100373500006000414502006900474650004200543650003900585650002800624856007000652000112856CHAP20220329144325.0170120s2016 mx a fsm |||||||spa d a109317 a110289 cCHAP1 aHernández Antonio, María10aMuestreo óptimo para la actualización de existencias volumétricas del conjunto predial integral Atlamaxac, Potrero, Macuiloco, Nexiaco y demás, Amecameca, Estado de México /h[En línea]cpor María Hernández Antonio. aChapingo, Méx. :bEl autor,c2016. aPara ver el contenido del material haga clic en la liga aTesis (Ing. Forestal) -- UACH. División de Ciencias Forestales14aBosquesxInventariosxMéxico (Edo.)14aBosquesxMétodos estadísticos.14aMuestreo estadístico. aFinding aiduhttp://10.13.5.2/tesis/sist112856.pdfzTeclea aquí